<?xml version="1.0" encoding="UTF-8"?><?xml-stylesheet type="text/xsl" href="static/style.xsl"?><OAI-PMH xmlns="http://www.openarchives.org/OAI/2.0/" xmlns:xsi="http://www.w3.org/2001/XMLSchema-instance" xsi:schemaLocation="http://www.openarchives.org/OAI/2.0/ http://www.openarchives.org/OAI/2.0/OAI-PMH.xsd"><responseDate>2026-04-17T18:41:44Z</responseDate><request verb="GetRecord" identifier="oai:www.recercat.cat:2445/176820" metadataPrefix="marc">https://recercat.cat/oai/request</request><GetRecord><record><header><identifier>oai:recercat.cat:2445/176820</identifier><datestamp>2025-12-04T21:17:34Z</datestamp><setSpec>com_2072_1057</setSpec><setSpec>col_2072_478783</setSpec><setSpec>col_2072_478917</setSpec></header><metadata><record xmlns="http://www.loc.gov/MARC21/slim" xmlns:dcterms="http://purl.org/dc/terms/" xmlns:xsi="http://www.w3.org/2001/XMLSchema-instance" xmlns:doc="http://www.lyncode.com/xoai" xsi:schemaLocation="http://www.loc.gov/MARC21/slim http://www.loc.gov/standards/marcxml/schema/MARC21slim.xsd">
   <leader>00925njm 22002777a 4500</leader>
   <datafield ind2=" " ind1=" " tag="042">
      <subfield code="a">dc</subfield>
   </datafield>
   <datafield ind2=" " ind1=" " tag="720">
      <subfield code="a">Subías-Beltrán, Paula</subfield>
      <subfield code="e">author</subfield>
   </datafield>
   <datafield ind2=" " ind1=" " tag="260">
      <subfield code="c">2021-04-29T11:22:11Z</subfield>
   </datafield>
   <datafield ind2=" " ind1=" " tag="260">
      <subfield code="c">2021-04-29T11:22:11Z</subfield>
   </datafield>
   <datafield ind2=" " ind1=" " tag="260">
      <subfield code="c">2021-04</subfield>
   </datafield>
   <datafield ind2=" " ind1=" " tag="520">
      <subfield code="a">[eng] Artificial intelligence continues to advance in all aspects of society. In particular, in healthcare, more solutions based on artificial intelligence are used day after day, such as those that support decision-making or those that facilitate telecare. All the problems to be solved have their intricacies and are characterized by their context. Consequently, it is important to identify their complexities to be able to contextualize these solutions in terms of how they should be applied in order to better reason about the expected uncertainties and limitations of their application. This article analyses a number of the concerns related to the limits of the application of solutions based on artificial intelligence, such as technosolutionism, the suitability of the training data sample, data privacy, as well as the evaluation of the limitations of these solutions.</subfield>
   </datafield>
   <datafield ind2=" " ind1=" " tag="520">
      <subfield code="a">[spa] La inteligencia artificial continúa avanzando en todos los aspectos de la sociedad. En la asistencia sanitaria, en particular, día tras día se usan más soluciones basadas en inteligencia artificial, como aquellas que dan soporte en la toma de decisiones o aquellas que facilitan la teleasistencia. Todos los problemas por resolver tienen sus entresijos y se caracterizan por sus contextos. En consecuencia, es importante identificar sus complejidades para luego poder contextualizar dichas soluciones en términos de cómo se van a aplicar para poder razonar mejor sobre las incertidumbres esperadas y las limitaciones de su aplicación. En este artículo se analizan varias de las cuestiones relacionadas con los límites de la aplicación de soluciones basadas en inteligencia artificial, como son el tecnosolucionismo, la idoneidad de la muestra de datos de entrenamiento, la privacidad de estos datos, así como la evaluación de las limitaciones de dichas soluciones.</subfield>
   </datafield>
   <datafield tag="653" ind2=" " ind1=" ">
      <subfield code="a">Intel·ligència artificial</subfield>
   </datafield>
   <datafield tag="653" ind2=" " ind1=" ">
      <subfield code="a">Ètica</subfield>
   </datafield>
   <datafield tag="653" ind2=" " ind1=" ">
      <subfield code="a">Salut</subfield>
   </datafield>
   <datafield tag="653" ind2=" " ind1=" ">
      <subfield code="a">Artificial intelligence</subfield>
   </datafield>
   <datafield tag="653" ind2=" " ind1=" ">
      <subfield code="a">Ethics</subfield>
   </datafield>
   <datafield tag="653" ind2=" " ind1=" ">
      <subfield code="a">Health</subfield>
   </datafield>
   <datafield ind2="0" ind1="0" tag="245">
      <subfield code="a">Límites de la inteligencia artificial en salud digital</subfield>
   </datafield>
   <datafield ind2="0" ind1="0" tag="245">
      <subfield code="a">Limits of artificial intelligence in digital health</subfield>
   </datafield>
</record></metadata></record></GetRecord></OAI-PMH>